[Event "Ch RUS Women Higher League 2010"]
[Site "St. Petersburg RUS"]
[Date "2010.08.29"]
[Round "4"]
[White "Avdeenko, Tatiana"]
[Black "Kashlinskaya, Alina"]
[Result "1/2-1/2"]
[WhiteElo "2187"]
[BlackElo "2352"]
[Annotator ""]
[Source ""]
[Remark ""]

1.e4 e5 2.Nf3 Nc6 3.Bc4 Nf6 4.d3 Be7 5.O-O O-O 6.Re1 d6 7.a4
Na5 8.Ba2 c5 9.c3 Nc6 10.Nbd2 Be6 11.Nc4 h6 12.d4 exd4 13.cxd4
d5 14.exd5 Bxd5 15.Nce5 Nxd4 16.Nxd4 cxd4 17.Qxd4 Bxa2 18.Qxd8
Raxd8 19.Rxa2 Bb4 20.Rf1 Rfe8 21.Nc4 Re2 22.Ra1 Rd4 23.b3 Rd3
24.Be3 a6 25.Rab1 Nd5 26.Rfd1 Rxd1+ 27.Rxd1 b5 28.axb5 axb5 29.Kf1
Nc3 30.Rd8+ Kh7 31.Nd2 Ba3 32.Rc8 Bc1 33.Nf3 Bxe3 34.fxe3 Rxe3
35.Nd4 Rd3 36.Nf3 f6 37.Ne1 Re3 38.Nc2 Rd3 39.Ne1 1/2-1/2

[Event "Ch RUS Women Higher League 2010"]
[Site "St. Petersburg RUS"]
[Date "2010.08.30"]
[Round "5"]
[White "Pustovoitova, Daria"]
[Black "Suslova, Alena"]
[Result "1-0"]
[WhiteElo "2338"]
[BlackElo "2210"]
[Annotator ""]
[Source ""]
[Remark ""]

1.d4 Nf6 2.c4 g6 3.g3 Bg7 4.Bg2 O-O 5.Nf3 d6 6.Nc3 Nbd7 7.O-O
e5 8.e4 c6 9.d5 cxd5 10.cxd5 Nc5 11.Qc2 a5 12.Be3 b6 13.Rfb1
Ba6 14.Bxc5 bxc5 15.Nd2 Bh6 16.Bf1 Bxf1 17.Rxf1 Bxd2 18.Qxd2
Nd7 19.Nb5 Qb6 20.a4 f5 21.f3 c4+ 22.Kg2 Nc5 23.Qc2 Nb3 24.Rad1
Rac8 25.Qf2 Rc5 26.Qc2 f4 27.Rf2 Rf7 28.Qc3 g5 29.g4 Rc8 30.Rc2
Rc5 31.Qe1 Rf8 32.h4 h5 33.hxg5 hxg4 34.Qh4 gxf3+ 35.Kf1 f2 36.Rxf2
Rfc8 37.Rh2 Kf7 38.Qh7+ Ke8 39.Qg6+ Kd8 40.Qg7 Ke8 41.Rh7 Qd8
42.Qg6+ 1-0

[Event "Ch RUS Women Higher League 2010"]
[Site "St. Petersburg RUS"]
[Date "2010.08.30"]
[Round "5"]
[White "Zakurdjaeva, Irina"]
[Black "Gromova, Iulia"]
[Result "1-0"]
[WhiteElo "2280"]
[BlackElo "2241"]
[Annotator ""]
[Source ""]
[Remark ""]

1.e4 c6 2.d4 d5 3.Nc3 dxe4 4.Nxe4 Bf5 5.Ng3 Bg6 6.h4 h6 7.Nf3
Nd7 8.h5 Bh7 9.Bd3 Bxd3 10.Qxd3 e6 11.Bd2 Ngf6 12.O-O-O Be7 13.Ne4
Nxe4 14.Qxe4 Nf6 15.Qd3 O-O 16.g4 Qd5 17.g5 Qxa2 18.c3 hxg5 19.Bxg5
Qd5 20.Ne5 Rfe8 21.h6 g6 22.Bxf6 Bxf6 23.Nxg6 Qg5+ 24.f4 Qxg6
25.Rdg1 Kh7 26.Rxg6 fxg6 27.Rg1 Rg8 28.Qc4 Rge8 29.Re1 Kxh6 30.Rxe6
Kg7 31.Qb4 b6 32.Rxc6 Re7 33.d5 Rh8 34.Kb1 Rd8 35.d6 Red7 36.Rc7
Kf8 37.Qc4 1-0

[Event "Ch RUS Women Higher League 2010"]
[Site "St. Petersburg RUS"]
[Date "2010.08.30"]
[Round "5"]
[White "Dogodkina, Julia"]
[Black "Stjazhkina, Olga"]
[Result "1-0"]
[WhiteElo "2102"]
[BlackElo "2273"]
[Annotator ""]
[Source ""]
[Remark ""]

1.e4 d5 2.exd5 Qxd5 3.Nf3 Nf6 4.Nc3 Qd6 5.d4 g6 6.Ne5 Bg7 7.Bf4
Qb6 8.Nc4 Qe6+ 9.Ne3 c6 10.Bc4 Qd7 11.Qf3 O-O 12.O-O-O a6 13.h4
b5 14.Bb3 a5 15.a4 b4 16.Ne4 Na6 17.h5 Nd5 18.hxg6 hxg6 19.Bh6
Nac7 20.Bxg7 Kxg7 21.Ng5 Nf6 22.g4 Ba6 23.Nf5+ gxf5 24.gxf5 Rg8
25.Bxf7 Kf8 26.Bxg8 Nxg8 27.Ne6+ 1-0

[Event "Ch RUS Women Higher League 2010"]
[Site "St. Petersburg RUS"]
[Date "2010.08.30"]
[Round "5"]
[White "Kashlinskaya, Alina"]
[Black "Markelova, Lubov"]
[Result "1-0"]
[WhiteElo "2352"]
[BlackElo "2075"]
[Annotator ""]
[Source ""]
[Remark ""]

1.d4 Nf6 2.c4 e6 3.Nc3 Bb4 4.e3 b6 5.Nge2 Bb7 6.a3 Be7 7.d5 e5
8.Ng3 a5 9.e4 Bc5 10.Qf3 d6 11.Nf5 O-O 12.Bh6 g6 13.Bxf8 Kxf8
14.Ng3 h5 15.Bd3 Bc8 16.h3 h4 17.Nf1 Nh5 18.Nd2 Nf4 19.Ne2 Qf6
20.O-O Nxh3+ 21.gxh3 Qg5+ 22.Kh2 Qxd2 23.b4 axb4 24.axb4 Rxa1
25.Rxa1 Bxf2 26.Ra8 Bg3+ 27.Kg2 Bd7 28.Qf6 Qxd3 29.Rxb8+ Be8
30.Qh8+ Ke7 31.Qxe8+ 1-0